[Event "ROM-chT"]
[Site "Baile Tusnad"]
[Date "2005.05.22"]
[Round "2"]
[White "Dumitrache, Dragos Nicolae"]
[Black "Minescu, Dragos Olivar"]
[Result "1-0"]
[WhiteElo "2455"]
[BlackElo "2166"]
[PlyCount "76"]
[EventDate "2005.05.21"]
[EventType "team"]
[EventRounds "9"]
[EventCountry "ROU"]
[SourceTitle "CBM 106 Extra"]
[Source "ChessBase"]
[SourceDate "2005.07.01"]
[SourceVersion "1"]
[SourceVersionDate "2005.07.01"]
[SourceQuality "1"]

1. d4 Nf6 2. Nf3 e6 3. c4 d5 4. Nc3 c5 5. cxd5 cxd4 6. Qa4+ Qd7 7. Qxd7+ Bxd7 8. Nxd4 Nxd5 9. Nxd5 exd5 10. Bd2 Nc6 11. Nxc6 bxc6 12. Bc3 a5 13. 0-0-0 f6 14. e4 dxe4 15. Bc4 Bb4 16. Bxb4 axb4 17. Rd4 f5 18. Rhd1 Ra7 19. Be6 Bxe6 20. Rd8+ Kf7 21. Rxh8 h6 22. Rb8 Bxa2 23. Rdd8 Bd5 24. Rxb4 Ra1+ 25. Kd2 Rh1 26. Ke3 Rxh2 27. Rb7+ Kf6 28. Rf8+ Kg6 29. g3 h5 30. Rd8 f4+ 31. gxf4 Rg2 32. Rh8 Rg1 33. Kd4 Rg2 34. Ke3 Rg1 35. Rd7 Rd1 36. Rd6+ Kf7 37. f5 Ke7 38. Rg6 Bf7 1-0

[Event "Calvia U2300 opB"]
[Site "Mallorca"]
[Date "2004.10.26"]
[Round "6"]
[White "Minescu, Dragos Olivar"]
[Black "Valls Casas, Jordi"]
[Result "1/2-1/2"]
[WhiteElo "2122"]
[BlackElo "2041"]
[PlyCount "60"]
[EventDate "2004.10.22"]
[EventType "swiss"]
[EventRounds "9"]
[EventCountry "ESP"]
[SourceTitle "EXT 2005"]
[Source "ChessBase"]
[SourceDate "2004.11.15"]
[SourceVersion "1"]
[SourceVersionDate "2004.11.15"]
[SourceQuality "1"]

1. c4 c6 2. Nf3 d5 3. b3 Nf6 4. Bb2 g6 5. g3 Bg7 6. Bg2 0-0 7. 0-0 Re8 8. d4 Bf5 9. Nc3 Nbd7 10. Nh4 Be6 11. Qd3 dxc4 12. bxc4 Nb6 13. c5 Nc4 14. Rab1 Nxb2 15. Rxb2 Rb8 16. Rfb1 Nd7 17. Rxb7 Rxb7 18. Rxb7 Nxc5 19. dxc5 Qxd3 20. exd3 Bxc3 21. Bxc6 Rc8 22. Bd7 Bxd7 23. Rxd7 Rxc5 24. Rxe7 Ra5 25. Re2 Rd5 26. Re3 Bd2 27. Re7 Ra5 28. Nf3 Rxa2 29. Nxd2 Rxd2 30. Rxa7 Rxd3 1/2-1/2

[Event "ROM-ch"]
[Site "Curtea de Arges"]
[Date "2002.11.24"]
[Round "1.2"]
[White "Nevednichy, Vladislav"]
[Black "Minescu, Dragos Olivar"]
[Result "1-0"]
[WhiteElo "2555"]
[BlackElo "2127"]
[PlyCount "71"]
[EventDate "2002.12.07"]
[EventType "k.o."]
[EventRounds "5"]
[EventCountry "ROU"]
[SourceTitle "CBM 091 Extra"]
[Source "ChessBase"]
[SourceDate "2003.01.09"]
[SourceVersion "1"]
[SourceVersionDate "2003.01.09"]
[SourceQuality "1"]

1. e4 c5 2. Nf3 d6 3. Bb5+ Bd7 4. Bxd7+ Qxd7 5. 0-0 Nc6 6. c3 Nf6 7. Re1 e6 8. d4 cxd4 9. cxd4 d5 10. e5 Ne4 11. Nbd2 Nxd2 12. Bxd2 Be7 13. Rc1 0-0 14. Rc3 a5 15. a3 a4 16. Rd3 b5 17. Ng5 h6 18. Nh3 b4 19. Qh5 Kh7 20. Rg3 Rg8 21. Qxf7 Qe8 22. Qxe6 bxa3 23. bxa3 Nxd4 24. Qxd5 Nb3 25. Qe4+ g6 26. Bb4 Bxb4 27. Qxb4 Rb8 28. Qh4 Nc5 29. Ng5+ Kg7 30. Rh3 Rh8 31. e6 Nxe6 32. Nxe6+ Qxe6 33. Rhe3 Qd6 34. Re7+ Kf8 35. Qe4 Rg8 36. Qf3+ 1-0

[Event "ROM-ch sf"]
[Site "Sovata"]
[Date "2001.03.15"]
[Round "7"]
[White "Hristodorescu, Daniel"]
[Black "Minescu, Dragos Olivar"]
[Result "1-0"]
[WhiteElo "2257"]
[BlackElo "2130"]
[PlyCount "75"]
[EventDate "2001.03.10"]
[EventType "swiss"]
[EventRounds "11"]
[EventCountry "ROU"]
[SourceTitle "EXT 2008"]
[Source "ChessBase"]
[SourceDate "2007.11.25"]
[SourceVersion "1"]
[SourceVersionDate "2007.11.25"]
[SourceQuality "1"]

1. e4 c5 2. Nf3 d6 3. d4 cxd4 4. Nxd4 Nf6 5. Nc3 g6 6. Be3 Bg7 7. f3 0-0 8. Qd2 Nc6 9. Bc4 Bd7 10. 0-0-0 Ne5 11. Bb3 Rc8 12. h4 h5 13. Bg5 Rc5 14. Kb1 b5 15. g4 hxg4 16. h5 Nxh5 17. Nd5 Rxd5 18. Bxd5 Qe8 19. Bh6 e6 20. Bxg7 Kxg7 21. fxg4 Nxg4 22. Rxh5 exd5 23. Nf5+ Bxf5 24. exf5 Qe3 25. Qxe3 Nxe3 26. Rg1 Re8 27. Rhg5 Re5 28. fxg6 Rxg5 29. Rxg5 fxg6 30. Rg3 d4 31. c3 Nf5 32. Rd3 dxc3 33. Rxc3 g5 34. a4 bxa4 35. Rc4 Kf6 36. Rxa4 Ne3 37. Kc1 g4 38. Kd2 1-0

[Event "ROM-ch sf"]
[Site "Sovata"]
[Date "2001.03.15"]
[Round "8"]
[White "Minescu, Dragos Olivar"]
[Black "Stoicescu, Horia"]
[Result "0-1"]
[WhiteElo "2130"]
[BlackElo "2023"]
[PlyCount "82"]
[EventDate "2001.03.10"]
[EventType "swiss"]
[EventRounds "11"]
[EventCountry "ROU"]
[SourceTitle "EXT 2008"]
[Source "ChessBase"]
[SourceDate "2007.11.25"]
[SourceVersion "1"]
[SourceVersionDate "2007.11.25"]
[SourceQuality "1"]

1. c4 e5 2. Nc3 Bb4 3. g3 Bxc3 4. dxc3 d6 5. Bg2 Nf6 6. e4 0-0 7. Ne2 Re8 8. h3 Nbd7 9. Be3 b6 10. Qc2 Bb7 11. f3 h5 12. h4 a5 13. a4 Nc5 14. 0-0 Bc6 15. Rfd1 Qe7 16. b3 Bd7 17. Nc1 Be6 18. Nd3 Rad8 19. Bf1 Nh7 20. Nf2 f6 21. Rd2 g5 22. hxg5 fxg5 23. Be2 Rf8 24. Kg2 Kg7 25. Rh1 Bf7 26. Kf1 Bg6 27. Ke1 g4 28. Bxc5 dxc5 29. Rxd8 Qxd8 30. fxg4 Rxf2 31. Kxf2 Nf6 32. Bf3 hxg4 33. Bg2 Nh5 34. Rd1 Qf6+ 35. Kg1 Nxg3 36. Rd7+ Bf7 37. Qf2 Qf4 38. Rxc7 Nh5 39. Rb7 Qc1+ 40. Qf1 Nf4 41. Rxb6 Nh3+ 0-1